UBT Library

The nation state and national self-determination. (Record no. 188)

000 -LEADER
fixed length control field 00667cam a2200217 4500
005 - DATE AND TIME OF LATEST TRANSACTION
control field 20131029052130.0
008 - FIXED-LENGTH DATA ELEMENTS--GENERAL INFORMATION
fixed length control field 700810t19701969nyu b 001 0 eng
041 0# - LANGUAGE CODE
Language code of text/sound track or separate title eng
080 ## - UNIVERSAL DECIMAL CLASSIFICATION NUMBER
Universal Decimal Classification number 327.39
100 1# - Rafti
Rafti Cobban, Alfred.
245 14 - TITLE STATEMENT
Title The nation state and national self-determination.
250 ## -
-- [Rev. ed.]
260 ## -
-- New York,
-- Crowell
-- [1970, c1969]
300 ## -
-- 318 p.
-- 21 cm.
500 ## -
-- Preface : f. [IX] - [X]
500 ## -
-- 1945 and 1948 editions published under title: National self-determination.
504 ## - BIBLIOGRAPHY, ETC. NOTE
Bibliography, etc Includes bibliographical references.
650 #0 -
-- Vetëvendosja
650 #0 -
-- Marrëdhënie ndërkombëtare
942 ## - ADDED ENTRY ELEMENTS (KOHA)
Source of classification or shelving scheme
Item type Books
Holdings
Withdrawn status Lost status Source of classification or shelving scheme Damaged status Not for loan Collection code Permanent location Current location Shelving location Date acquired Total Checkouts Full call number Barcode Date last seen Koha item type
          Koleksioni i përgjithshem UBT - Prishtine UBT - Prishtine Koleksioni i përgjithshem 10/29/2013   327.39 COB 001-000206 10/29/2013 Books
UBT Library © 2015-2024. All rights reserved University Education for Business and Technology